000 00668nam a22002297a 4500
999 _c40451
_d40451
005 20181016105946.0
008 181015b xxu||||| |||| 00| 0 eng d
020 _a9780822944591
_qhb
020 _a0822944596
082 _a333.9182091732
_bKNO
245 _aRivers lost, rivers regained : rethinking city-river relations
260 _aPittsburgh
_bUniversity of Pittsburgh Press
_c2017
300 _aix, 413p. ; 23 cm.
653 _aEconomics
653 _aRivers--Regulation
653 _aStream restoration
653 _aWaterways
700 _aKnoll, Martin
_eed.
700 _aLubken, Uwe
_eed.
700 _aSchott, Dieter
_eed.
942 _2ddc
_cBK